01072nam a2200265 a 450000100060000000300080000600500170001400800410003103500200007204000350009204100080012708200290013510000490016424501900021326000440040330000260044750000190047365000300049265000490052270000300057170000320060194200120063399900170064595201440066266179BD-RjUL20211209081516.0170314s1958 enk 001 0 eng d a(BD-RjUL) 66309 aBD-RjULcBD-RjULdBD-RjULbeng aeng a616.34́33223bGOF 19581 aGoldberg, E. Matildaq(Elsa Matilda)919583510aFamily influences and psychosomatic illness :ban inquiry into the social and psychological background of duodenal Ulcerulcer.cE Matilda Goldberg; Victor B Kanter foreword by Wittkower aLondon :bTavistock Publications,c1958 axii, 308 p. ;c21 cm. aIncludes index 0aDuodenumxUlcers.9195836 0aPeptic ulcerxPsychosomatic aspects.9195837 a Kanter, Victor B9195838 a Wittkower, Eric D.9195839 2ddccBK c66179d66179 00102ddc40718NFICaRUCLbRUCLcReadingd1965-10-07eZeitlingerg38.00l0o616.34́33 GOF 1958r2017-03-14 00:00:00tC-1w2017-03-14yBK